National Assembly Library of Thailand

England อังกฤษ / (ระเบียนเลขที่ 74775)

รายละเอียดในรูปแบบ MARC
000 -LEADER
fixed length control field 00820nam a22002297a 4500
003 - CONTROL NUMBER IDENTIFIER
control field NALT
005 - DATE AND TIME OF LATEST TRANSACTION
control field 20260310130811.0
008 - FIXED-LENGTH DATA ELEMENTS--GENERAL INFORMATION
fixed length control field s2558 th tha d
020 ## - INTERNATIONAL STANDARD BOOK NUMBER
International Standard Book Number 9786162045615
040 ## - CATALOGING SOURCE
Original cataloging agency NALT
041 ## - LANGUAGE CODE
Language code of text/sound track or separate title tha
050 ## - LIBRARY OF CONGRESS CALL NUMBER
Classification number DA 632
Item number ด629อ 2558
110 2# - MAIN ENTRY--CORPORATE NAME
Corporate name or jurisdiction name as entry element DPlus Guide Team.
9 (RLIN) 551
245 10 - TITLE STATEMENT
Title England อังกฤษ /
Statement of responsibility, etc. DPlus Guide Team.
260 ## - PUBLICATION, DISTRIBUTION, ETC.
Place of publication, distribution, etc. กรุงเทพฯ :
Name of publisher, distributor, etc. โปรวิชั่น,
Date of publication, distribution, etc. 2558.
300 ## - PHYSICAL DESCRIPTION
Extent 391 หน้า :
Other physical details ภาพประกอบ, แผนที่ ;
Dimensions 21 ซม.
651 #4 - SUBJECT ADDED ENTRY--GEOGRAPHIC NAME
Geographic name อังกฤษ
General subdivision ภูมิประเทศและการท่องเที่ยว
9 (RLIN) 3819
850 ## - HOLDING INSTITUTION
Holding institution NALT
856 40 - ELECTRONIC LOCATION AND ACCESS
Uniform Resource Identifier <a href="https://hdl.handle.net/20.500.14156/520814">https://hdl.handle.net/20.500.14156/520814</a>
942 ## - ADDED ENTRY ELEMENTS (KOHA)
Koha item type General Book
Source of classification or shelving scheme Library of Congress Classification
996 ## - STAFF PROCESSING RECORDS (NALT)
Staff name saiphon.d
Staff type CATSTF
Acquisition or Cataloging date 2026-03-10
998 ## - STAFF NAME (NALT)
-- 104
-- นางสาวสายฝน ดีงาม
รายการที่มีในห้องสมุด
Withdrawn status Lost status Source of classification or shelving scheme Damaged status Not for loan Collection code Home library Current library Shelving location Date acquired Source of acquisition Total Checkouts Total Renewals Full call number Barcode Date last seen Date last checked out Price effective from Koha item type
    Library of Congress Classification     General Book collection National Assembly Library of Thailand National Assembly Library of Thailand General Book shelves 20/10/2021 จัดซื้อทรัพยากร 5 3 DA 632 ด629อ 2558 3961203200 17/10/2023 12/10/2023 09/06/2017 General Book
หอสมุดรัฐสภา
สำนักงานเลขาธิการสภาผู้แทนราษฎร เลขที่ 1111 ถนนสามเสน แขวงถนนนครไชยศรี เขตดุสิต กรุงเทพฯ 10300
The Secretariat of the House of Representatives 1111 Samsen Road, Thanon Nakhon Chai Si, Dusit, Bangkok 10300, THAILAND
โทรศัพท์: +66(0) 2242 5900 ต่อ 5714-5 โทรสาร: +66(0) 2242 5990 อีเมล: [email protected]